LEADER 01535nas0 22003853i 450 001 MIL0113282 005 20251003044224.0 011 $a1040-2519 017 70$aP 00064313$2P 100 $a20131014b19882001||||0itac50 ba 101 | $aeng 102 $aus 110 $aa|u|||||||| 181 1$6z01$ai $bxxxe 182 1$6z01$an 200 1 $aAnnual review of plant physiology and plant molecular biology 207 0$aVol. 39 (1988)-vol. 52 (2001) 210 $aPalo Alto$dCA.$cAnnual reviews$d1988-2001 215 $a14 v.$cill.$d23 cm 300 $aAnnuale. 430 0$1001MIL0113274$12001 $aAnnual review of plant physiology 440 1 $1001UFI0390968$12001 $aAnnual review of plant biology 606 $aFisiologia vegetale$2FIR$3CFIC003363$9E 606 $aBiologia molecolare$2FIR$3CFIC004350$9E 676 $a571.2$9FISIOLOGIA E SOGGETTI CONNESSI. PIANTE E MICRORGANISMI$v22 696 $aFitofisiologia 699 $aFisiologia vegetale$yFitofisiologia 801 3$aIT$bIT-000000$c20131014 850 $aIT-BN0095 901 $bNAP 01$cSALA $n$ 912 $aMIL0113282 950 0$aBiblioteca Centralizzata di Ateneo$d 01SALA 571.2 ANN pl$e 0104 9000007315 VPA (00 1 v.$fA $h20131023$i20131023$d 01SALA 571.2 ANN pl(01$e 0104 0000018785 VPA 1 v.$fA $h20131014$i20131014 977 $a 01 996 $aAnnual review of plant physiology and plant molecular biology$9800854 997 $aUNISANNIO